LEADER 03059nam 2200553 a 450 001 9910141510103321 005 20170816123856.0 010 $a1-118-45699-8 010 $a1-118-45705-6 010 $a1-118-45707-2 035 $a(CKB)2670000000325703 035 $a(EBL)1118502 035 $a(OCoLC)827208383 035 $a(SSID)ssj0000827048 035 $a(PQKBManifestationID)11519015 035 $a(PQKBTitleCode)TC0000827048 035 $a(PQKBWorkID)10820387 035 $a(PQKB)11083981 035 $a(MiAaPQ)EBC1118502 035 $a(EXLCZ)992670000000325703 100 $a20120430d2013 uy 0 101 0 $aeng 135 $aur|n|---||||| 181 $ctxt 182 $cc 183 $acr 200 00$aFibroids$b[electronic resource] /$fedited by James H. Segars 210 $aChichester, West Sussex $cJohn Wiley & Sons$d2013 215 $a1 online resource (173 p.) 225 1 $aGIP - Gynaecology in Practice 225 0$aGynecology in practice 300 $aDescription based upon print version of record. 311 $a0-470-67094-0 320 $aIncludes bibliographical references and index. 327 $aUnderstanding uterine fibroids / Phyllis Leppert, Mazen Fouany, and James Segars -- The clinical spectrum of fibroid disease / Joshua Younger ... [et al.] -- Evidence-based indications for treatment of uterine fibroids in gynecology / James L. Nodler and James H. Segars -- Management of fibroids in pregnancy / Natalie L. Johnson, Errol Norwitz, and James H. Segars -- Management of uterine fibroids in the older woman / Alon Talmor and Beverley J. Vollenhoven -- Medical management of women with symptomatic uterine fibroids / Kristof Chwalisz and Craig A. Winkel -- Nonsurgical option for fibroid treatment : uterine fibroid embolization / Edward Fenlon and James B. Spies -- Magnetic resonance guided focused ultrasound surgery treatment for uterine fibroids / Ronit Machtinger and Fiona M. Fennessy -- Minimally invasive treatment options for uterine fibroids / E. Britton Chahine and William Catherino -- Surgical treatments and outcomes / Ryan J. Heitmann ... [et al.] -- Rare fibroid syndromes / Lisa Marii Cookingham ... [et al.] -- Counseling the patient with uterine fibroids / Gregory M. Christman, Courtney A. Marsh, and Elizabeth J. Campbell. 330 $aFibroids are benign growths of the uterus. They are the most common tumours found in women (20-30% of women), usually in later reproductive years. This book covers evidence-based indications for treatment of uterine fibroids in gynecology, the management of fibroids in pregnancy, surgical treatments and outcomes, rare fibroid syndromes, and more. 410 0$aGIP - Gynaecology in Practice 606 $aUterine fibroids 608 $aElectronic books. 615 0$aUterine fibroids. 676 $a618.14 701 $aSegars$b James$0985058 801 0$bMiAaPQ 801 1$bMiAaPQ 801 2$bMiAaPQ 906 $aBOOK 912 $a9910141510103321 996 $aFibroids$92250852 997 $aUNINA LEADER 05845nam 2201141 450 001 9910787931703321 005 20230629171854.0 010 $a0-691-16317-0 010 $a1-4008-5268-4 024 7 $a10.1515/9781400852680 035 $a(CKB)2670000000577253 035 $a(EBL)1771590 035 $a(OCoLC)896700410 035 $a(SSID)ssj0001381172 035 $a(PQKBManifestationID)12454497 035 $a(PQKBTitleCode)TC0001381172 035 $a(PQKBWorkID)11393180 035 $a(PQKB)10505233 035 $a(SSID)ssj0000886178 035 $a(PQKBManifestationID)11539639 035 $a(PQKBTitleCode)TC0000886178 035 $a(PQKBWorkID)10816668 035 $a(PQKB)11224429 035 $a(StDuBDS)EDZ0001755608 035 $a(OCoLC)898005786 035 $a(MdBmJHUP)muse43286 035 $a(DE-B1597)459881 035 $a(OCoLC)984676871 035 $a(DE-B1597)9781400852680 035 $a(Au-PeEL)EBL1771590 035 $a(CaPaEBR)ebr10988154 035 $a(CaONFJC)MIL663803 035 $a(MiAaPQ)EBC1771590 035 $a(EXLCZ)992670000000577253 100 $a20140818h20152015 uy| 0 101 0 $aeng 135 $aur|nu---|u||u 181 $ctxt 182 $cc 183 $acr 200 10$aElecting the senate $eindirect democracy before the seventeenth amendment /$fWendy J. Schiller, Charles Stewart III 205 $aPilot project. eBook available to selected US libraries only 210 1$aPrinceton :$cPrinceton University Press,$d[2015] 210 4$d©2015 215 $a1 online resource (257 p.) 225 1 $aPrinceton studies in American politics: historical, international, and comparative perspectives 300 $aDescription based upon print version of record. 311 $a1-322-32521-9 311 $a0-691-16316-2 320 $aIncludes bibliographical references and index. 327 $tFront matter --$tContents --$tIllustrations --$tTables --$tPreface --$tChapter 1. Introduction --$tChapter 2. A Theory of Indirect Election --$tChapter 3. Candidate Emergence, Political Ambition, and Seat Value --$tChapter 4. Party as Gatekeeper: Canvass, Convention, and Caucus as Nomination Mechanisms --$tChapter 5. Political Dynamics and Senate Representation --$tChapter 6. Senate Electoral Responsiveness under Indirect and Direct Election --$tChapter 7. Myth and Reality of the Seventeenth Amendment --$tReferences --$tIndex 330 $a"From 1789 to 1913, U.S. senators were not directly elected by the people--instead the Constitution mandated that they be chosen by state legislators. This radically changed in 1913, when the Seventeenth Amendment to the Constitution was ratified, giving the public a direct vote. Electing the Senate investigates the electoral connections among constituents, state legislators, political parties, and U.S. senators during the age of indirect elections. Wendy Schiller and Charles Stewart find that even though parties controlled the partisan affiliation of the winning candidate for Senate, they had much less control over the universe of candidates who competed for votes in Senate elections and the parties did not always succeed in resolving internal conflict among their rank and file. Party politics, money, and personal ambition dominated the election process, in a system originally designed to insulate the Senate from public pressure. Electing the Senate uses an original data set of all the roll call votes cast by state legislators for U.S. senators from 1871 to 1913 and all state legislators who served during this time. Newspaper and biographical accounts uncover vivid stories of the political maneuvering, corruption, and partisanship--played out by elite political actors, from elected officials, to party machine bosses, to wealthy business owners--that dominated the indirect Senate elections process. Electing the Senate raises important questions about the effectiveness of Constitutional reforms, such as the Seventeenth Amendment, that promised to produce a more responsive and accountable government. "--$cProvided by publisher. 410 0$aPrinceton studies in American politics. 606 $3(DE-601)105637076$3(DE-588)4139210-3$aWahlsystem$2gnd 606 $aPOLITICAL SCIENCE / Political Process / Campaigns & Elections$2bisacsh 607 $aUnited States$xPolitics and government 610 $aSenate elections. 610 $aSenate representation. 610 $aSenate seat. 610 $aSeventeenth Amendment. 610 $aU.S. Constitution. 610 $aU.S. Senate. 610 $aU.S. senator. 610 $adirect election. 610 $adirect elections. 610 $aelectoral systems. 610 $afederalism. 610 $aindirect election. 610 $aindirect elections. 610 $ainstitutional representation. 610 $alegislative activity. 610 $apartisanship. 610 $aparty caucus. 610 $apolitical candidates. 610 $apolitical control. 610 $apolitical corruption. 610 $apolitical parties. 610 $apolitical party leaders. 610 $apublic vote. 610 $arepresentational behavior. 610 $asenators. 610 $astate elections. 610 $astate legislator. 610 $astate legislature. 610 $astate legislatures. 615 7$aWahlsystem 615 7$aPOLITICAL SCIENCE / Political Process / Campaigns & Elections. 676 $a328.73/0734 686 $aPOL008000$aPOL006000$aPOL010000$aHIS036040$2bisacsh 700 $aSchiller$b Wendy J.$f1964-$01474342 702 $aStewart$b Charles Haines 801 0$bMiAaPQ 801 1$bMiAaPQ 801 2$bMiAaPQ 906 $aBOOK 912 $a9910787931703321 996 $aElecting the senate$93687977 997 $aUNINA LEADER 00777nam0-2200289 --450 001 9911014868403321 005 20250729101350.0 010 $a978-88-12-00996-1 100 $a20250729d2022----kmuy0itay5050 ba 101 0 $aita 102 $aIT 105 $ay 001yy 200 1 $aMafia$fSalvatore Lupo$gintroduzione di Gaetano Savatteri 210 $a[Roma]$cTreccani$d©2022 215 $a98 p.$d18 cm 225 1 $aVoci$v30 610 0 $aMafia 676 $a364.10609458$v23$zita 700 1$aLupo,$bSalvatore$f<1951- >$0119411 702 1$aSavatteri,$bGaetano 801 0$aIT$bUNINA$gREICAT$2UNIMARC 901 $aBK 912 $a9911014868403321 952 $aCOLLEZ. 3523 (30)$b2140/2025$fFSPBC 959 $aFSPBC 996 $aMafia$91543163 997 $aUNINA